Examen fonctionnel du poumon / (Record no. 21104)

MARC details
000 -LEADER
campo de control de longitud fija 00586nam a2200193 i 4500
001 - NÚMERO DE CONTROL
campo de control 21104
003 - IDENTIFICADOR DE NÚMERO DE CONTROL
campo de control ES-MaACL
005 - FECHA Y HORA DE LA ÚLTIMA TRANSACCIÓN
campo de control 20240823063038.0
007 - CAMPO FIJO DE DESCRIPCIÓN FÍSICA--INFORMACIÓN GENERAL
campo de control de longitud fija t|
008 - DATOS DE LONGITUD FIJA--INFORMACIÓN GENERAL
campo de control de longitud fija 021121s1922 fr ||||1| fre d
100 1# - ENTRADA PRINCIPAL--NOMBRE DE PERSONA
Nombre de persona Achard, Charles,
Fechas asociadas al nombre 1860-1944
9 (RLIN) 155057
245 10 - MENCIÓN DEL TÍTULO
Título Examen fonctionnel du poumon /
Mención de responsabilidad, etc. par Ch. Achard et Leon Binet.
260 ## - PUBLICACIÓN, DISTRIBUCIÓN, ETC.
Lugar de publicación, distribución, etc. Paris :
Nombre del editor, distribuidor, etc. Masson et Cie,
Fecha de publicación, distribución, etc. 1922 (
Lugar de fabricación/manufactura Cahors :
Fabricante Coueslant)
300 ## - DESCRIPCIÓN FÍSICA
Extensión 154 p. :
Otras características físicas il. ;
Dimensiones 24 cm.
650 #4 - PUNTO DE ACCESO ADICIONAL DE MATERIA--TÉRMINO DE MATERIA
Término de materia o nombre geográfico como elemento de entrada Pulmones.
9 (RLIN) 147032
700 0# - ENTRADA AGREGADA--NOMBRE PERSONAL
Nombre de persona Binet, Léon.
9 (RLIN) 28919
852 ## - LOCALIZACIÓN
Ubicación ES-MaACL
Número de control de estantería E-854
Holdings
Estatus retirado Estado de pérdida Estado de daño No para préstamo Biblioteca de origen Biblioteca actual Ubicación en estantería Fecha de adquisición Fuente de adquisición Total de préstamos Signatura topográfica completa Código de barras Visto por última vez Precio de reemplazo Tipo de ítem Koha
        Biblioteca del Ateneo de Madrid Biblioteca del Ateneo de Madrid Depósito 2 17/01/2008     E-854 1021677 23/02/2023 23/02/2023 Libro impreso